| 000 | 01115nam a2200313 i 4500 | ||
|---|---|---|---|
| 001 | 189024 | ||
| 003 | SpMaBN | ||
| 005 | 20240103104040.0 | ||
| 008 | 190321s2002 sp co |||| |bspa d | ||
| 020 | _a84-9734-036-1 | ||
| 080 | _a929 Valderrama, Juanito | ||
| 100 | 1 |
_aBurgos, Antonio. _932645 |
|
| 245 | 1 | 0 |
_aJuanito Valderrama _b: mi España querida / _cAntonio Burgos ; [prólogo de Joan Manuel Serrat]. |
| 250 | _a1ª ed. | ||
| 260 |
_aMadrid : _bLa Esfera de los Libros, _c2002. |
||
| 300 |
_a591 p. : _bretr., fotos ; _c25 cm. |
||
| 490 | 1 | _aLa Esfera biografías | |
| 500 | _aCronología. | ||
| 500 | _aÍndices. | ||
| 504 | _aBibliografía: p. 579-580. | ||
| 600 | 1 | 7 |
_aValderrama, Juanito. _9112493 |
| 700 | 1 |
_aSerrat, Joan Manuel, _d1943- _9105814 |
|
| 830 | 0 |
_aLa Esfera biografías _9193250 |
|
| 852 |
_aES-MaACL _jA-14414 _9196160 _bR.151764 _cDEPO1 _dOlim: N-7414 _hDonación: José Lázaro García _xEncuadernación en cartoné |
||
| 903 |
_9234219 _aLázaro García, José _ednr |
||
| 942 |
_2udc _cMONOGRAFIA |
||
| 999 |
_c189024 _d189024 |
||